000 00459nam a2200121Ia 4500
008 220620s9999||||xx |||||||||||||| ||und||
100 _aAlexander Penlidis (Ed.)
245 0 _aWater Soluble Polymers
546 _aEnglish[eng]
650 _aworldwide.||Jamie Li of MDPI 'Processes' Editorial Offices has an extensive e-mailing list||any department of Chemical Engineering and/or Chemistry
856 _uhttp://www.mdpi.com/books/pdfview/book/544
942 _cEB
999 _c28499
_d28499